=LDR 00000nam 2200000 4500 =001 NUTBA000000000003447 =005 20140819120637.0 =006 =007 =008 =020 ##$$a 978-979-29-3622 =035 ##$$0010-081400000000292 =040 ##$$a NBPDMAT =082 ##$$a 372.707 6 =090 ##$$a 372.707 6 $b Tim m =100 ##$$a Tim Karya Media Guru =245 ##$$a Mandiri dan sukses ulangan matematika kelas IV SD / MI dilengkapi latihan soal dan pembahasan / $c Tim Karya Media Guru =260 ##$$a Yogyakarta : $b Andi, $c 2012 =300 ##$$a xiii, 124 hlm. ; $c 23 cm. =650 ##$$a Matematika SD-Studi dan Pengajaran =990 ##$$a 21405767 =990 ##$$a 0001/BPAP-NTB/20142014 =990 ##$$a 0001/BPAP-NTB/20142014 =990 ##$$a 0001/BPAP-NTB/20142014 =990 ##$$a 0001/BPAP-NTB/20142014 =990 ##$$a 0001/BPAP-NTB/20142014 =990 ##$$a 0001/BPAP-NTB/20142015